|
|
|
|
| LEADER |
02004nam a2200493 a 4500 |
| 001 |
nkc20142609757 |
| 003 |
CZ PrNK |
| 005 |
20160705235011.0 |
| 007 |
ta |
| 008 |
140718s2014 xr f 000 0 cze |
| 015 |
|
|
|a cnb002609757
|
| 020 |
|
|
|a 978-80-7440-097-1
|q (brož.) :
|c neprodejné
|
| 035 |
|
|
|a (OCoLC)890262001
|
| 040 |
|
|
|a BOA001
|b cze
|d OLA001
|
| 041 |
1 |
|
|a cze
|h eng
|
| 072 |
|
7 |
|a 364
|x Sociální problémy vyžadující podporu a pomoc. Sociální zabezpečení
|2 Konspekt
|9 18
|
| 080 |
|
|
|a 364.692-212
|2 MRF
|
| 080 |
|
|
|a 006.32
|2 MRF
|
| 080 |
|
|
|a (048.8)
|2 MRF
|
| 245 |
0 |
0 |
|a Mezinárodní standardy prevence užívání drog /
|c [autor původního vydání UNODC ; překlad Jiří Bareš]
|
| 250 |
|
|
|a 1. vyd. v jazyce českém
|
| 260 |
|
|
|a [Praha] :
|b Národní monitorovací středisko pro drogy a drogovou závislost,
|c 2014
|
| 300 |
|
|
|a 56 s. ;
|c 23 cm
|
| 490 |
1 |
|
|a Monografie ;
|v no. 26
|
| 500 |
|
|
|a Přeloženo z angličtiny
|
| 504 |
|
|
|a Obsahuje bibliografické odkazy
|
| 550 |
|
|
|a Vydavatel: Úřad vlády České republiky
|
| 650 |
0 |
7 |
|a drogová prevence
|7 ph135659
|2 czenas
|
| 650 |
0 |
7 |
|a mezinárodní normy a standardy
|7 ph260673
|2 czenas
|
| 650 |
0 |
9 |
|a drug abuse prevention
|2 eczenas
|
| 650 |
0 |
9 |
|a international standards
|2 eczenas
|
| 655 |
|
7 |
|a monografie
|7 fd132842
|2 czenas
|
| 655 |
|
9 |
|a monographs
|2 eczenas
|
| 700 |
1 |
|
|a Bareš, Jiří,
|d 1969-
|7 xx0011907
|4 trl
|
| 710 |
1 |
|
|a Česko.
|b Úřad vlády
|7 ko20010092577
|
| 710 |
2 |
|
|a United Nations Office on Drugs and Crime
|7 nlk20050165600
|
| 765 |
0 |
|
|t International standards on drug use prevention
|9 Česky
|
| 830 |
|
0 |
|a Monografie (Úřad vlády České republiky)
|0 s
|
| 856 |
4 |
1 |
|u http://www.digitalniknihovna.cz/mzk/uuid/uuid:94809770-f00b-11e5-bdc9-005056827e52
|y Digitalizovaný dokument
|x NDK
|
| 910 |
2 |
|
|a BOA001
|b 2-1329.874
|
| 990 |
|
|
|a BK
|
| 995 |
|
|
|a 01
|
| 991 |
|
|
|b 201408
|c NOV
|e n
|
| 996 |
6 |
|
|b 2610599292
|c 2-1329.874
|l MZK
|r Sklad / do 1 hodiny
|n 15
|p p.v.
|w 001442018
|u 000010
|a 1
|e BOA001
|j MZK50
|s P
|